| 000 | 00000nam##2200000za#4500 |
| 001 | 9.700300 |
| 003 | CaOODSP |
| 005 | 20210625000756 |
| 007 | cr ||||||||||| |
| 008 | 150407|1977||||xxc|||||o f|0| 0 eng|d |
| 040 | |aCaOODSP|beng |
| 043 | |an-cn--- |
| 086 | 1 |aCP32-31/1977E-PDF |
| 110 | 1 |aCanada. |bPrivy Council Office. |
| 245 | 10|aAlaska highway pipeline inquiry / |h[electronic resource]|c[by] Kenneth M. Lysyk, Chairman, Edith E. Bohmer, Willard L. Phelps. |
| 260 | |aOttawa - Ontario : |bPrivy Council Office |c1977. |
| 300 | |a194p.|bmaps, photographs |
| 500 | |aDigitized from the print edition. |
| 590 | |a15-03-Supp|b2015-03-13 |
| 856 | 40|ahttp://publications.gc.ca|qPDF|s35.09 MB|uhttps://publications.gc.ca/collections/collection_2015/bcp-pco/CP32-31-1977-eng.pdf |